Statistics for Ivy League Schools

Click here to take the quiz!

General Stats

  • This quiz has been taken 28 times
  • The average score is 7 of 8

Answer Stats

LocationSchool% Correct
New York, New YorkColumbia University
95%
Cambridge, MassachusettsHarvard University
95%
Providence, Rhode IslandBrown University
85%
Princeton, New JerseyPrinceton University
85%
New Haven, ConnecticutYale University
85%
Ithaca, New YorkCornell University
75%
Philadelphia, PennsylvaniaUniversity of Pennsylvania
75%
Hanover, New HampshireDartmouth College
65%

Score Distribution

Percentile by Number Answered

Percent of People with Each Score

Your Score History

You have not taken this quiz